Discos de Eminem por foto - Estadísticas

Estadísticas generales
  • Esta prueba ha sido intentada 24 veces
  • La puntuación promedio es 9 de 12
Estadísticas de respuestas
Imagen Respuesta % Correcto
The Slim Shady LP
95%
The Eminem Show
91%
The Marshall Mathers LP
77%
Encore
73%
Kamikaze
73%
Music To Be Murdered By
73%
Recovery
73%
The Death of Slim Shady (Coup de Grâce)
73%
Relapse
68%
The Marshall Mathers LP 2
64%
Infinite
59%
Revival
59%
No se encontraron pruebas coincidentes
Distribución de puntuación
Porcentaje de gente con cada puntuación
Porcentaje por número respondido
Historial de tus puntuaciones
No has intentado esta prueba.